000 00261nam a2200109Ia 4500
008 240625s9999 xx 000 0 und d
041 _aeng
082 _a428.071 SAS
100 _aSASIKUMAR V
245 _aSPOKEN ENGLISH A SELF LEARNING GUIDE TO
260 _c2008
999 _c34116
_d34116